| 000 | 00561nam a2200133Ia 4500 | ||
|---|---|---|---|
| 008 | 220620s9999||||xx |||||||||||||| ||und|| | ||
| 100 | _aWeiss, Christoph||Brunello, Giorgio||Gereben, Ãron||Wruuck, Patricia | ||
| 245 | 0 | _aEIB Working Paper 2020/05 - Financing constraints and employers’ investment in training (Volume 2020/5) | |
| 546 | _aEnglish[eng] | ||
| 650 | _aBusiness & Economics||Finance||General | ||
| 700 | _aEuropean Investment Bank | ||
| 856 | _uhttps://library.oapen.org/bitstream/20.500.12657/43445/1/external_content.pdf | ||
| 942 | _cEB | ||
| 999 |
_c33173 _d33173 |
||